000 00398nam a2200121Ia 4500
008 220217s9999 xx 000 0 und d
100 _aJoshy Mathew
245 2 _aA Study of natural rubber latex modification of bitumen emulsions for road rubberisation
260 _bCochin University of Science and Technology
_a Kochi
_c1999
500 _aCourse: B.Tech.
700 _aDr Rani Joseph
942 _cTS
999 _c74404
_d74404